Sports Quiz

Random Sports or Football Quiz

Top European Cup scorers by Country Quiz Stats

 Plays Quiz not verified by Sporcle

Challenge
Share
Tweet
Embed
Score 0/75 Timer 08:00
1 Play Today
Country Player % Correct
PortugalCristiano Ronaldo
92.2%
SpainRaúl
88.9%
ArgentinaLionel Messi
86.5%
FranceThierry Henry
83.8%
EnglandWayne Rooney
74.9%
NetherlandsRuud van Nistelrooy
73.3%
WalesRyan Giggs
71.6%
USSR/UkraineAndriy Shevchenko
63.7%
SwedenZlatan Ibrahimović
63.6%
IrelandRoy Keane
63.5%
GermanyGerd Müller
58.9%
ItalyAlessandro Del Piero
57.3%
ItalyFilippo Inzaghi
53.9%
WalesGareth Bale & Aaron Ramsey
50%
SpainFernando Morientes
49.1%
EnglandFrank Lampard
49%
HungaryFerenc Puskás
48.7%
BrazilRivaldo
46.9%
BulgariaDimitar Berbatov
46.7%
FranceDavid Trezeguet
44.7%
PortugalLuís Figo
44.3%
NetherlandsPatrick Kluivert
43.8%
PortugalEusébio
42.2%
NorwayOle Gunnar Solskjær
40.3%
BulgariaHristo Stoichkov
38.7%
RomaniaGheorghe Hagi
38.1%
FranceKarim Benzema
36.9%
ArgentinaHernán Crespo
36.2%
GermanyDieter Hoeneß & Karl-Heinz Rummenigge & Thomas Müller
36.1%
EnglandPaul Scholes
36%
Czechoslovakia/Czech RepublicPavel Nedvěd
35.4%
N. IrelandGeorge Best
35.2%
WalesIan Rush
32.6%
ArgentinaAlfredo Di Stéfano
31%
NorwayJohn Carew
28.4%
Czechoslovakia/Czech RepublicJan Koller
27.8%
BrazilKaká
25.2%
PolandRobert Lewandowski
25.2%
Country Player % Correct
USSR/UkraineSerhiy Rebrov
25.1%
GermanyMario Gómez
24.7%
DenmarkJon Dahl Tomasson
23.3%
ScotlandKenny Dalglish
23.2%
NetherlandsRoy Makaay
20.5%
SwedenFreddie Ljungberg
18.2%
ScotlandDenis Law
17.1%
BrazilMário Jardel & Elber
14.8%
CroatiaIvica Olic
11.1%
CroatiaAlen Bokšić
9.9%
USSR/UkraineOleg Blokhin
9%
Yugoslavia/SerbiaDejan Stanković
8.5%
CroatiaDado Pršo
7.9%
BelgiumLuc Nilis
7.2%
SpainFrancisco Gento
5.2%
ItalyMarco Simone
3.4%
Yugoslavia/SerbiaVladica Kovačević
3.1%
NorwayHarald Brattbakk
3%
BelgiumPaul Van Himst
2.8%
DenmarkAllan Simonsen
2.6%
IrelandRonnie Whelan
2.4%
IrelandBilly Whelan
2.4%
HungaryFerenc Bene
2.2%
RomaniaMarius Lăcătuş
2.1%
BelgiumRaoul Lambert
1.7%
PolandWłodzimierz Lubański
1.5%
SwedenTorbjörn Nilsson
1.2%
PolandErnst Pohl
1.2%
DenmarkSøren Lerby
1.1%
ScotlandWilliam Wallace
1%
HungaryAntal Dunai II
0.7%
Yugoslavia/SerbiaBora Kostić
0.3%
RomaniaDudu Georgescu
0.3%
N. IrelandPhil Scott
0.3%
Czechoslovakia/Czech RepublicJozef Adamec
0.3%
BulgariaTsvetan Ionchev
0.2%
N. IrelandMartin McGaughey
0.1%

You're not logged in!

Compare scores with friends on all Sporcle quizzes.
OR
Log In

You Might Also Like...

Show Comments

Extras

Top Quizzes Today


Score Distribution

Your Account Isn't Verified!

In order to create a playlist on Sporcle, you need to verify the email address you used during registration. Go to your Sporcle Settings to finish the process.

Report this User

Report this user for behavior that violates our Community Guidelines.

Details: